|
|
|
|
| LEADER |
00000nab a2200000 a 4500 |
| 001 |
vtls000871139 |
| 003 |
SK-MaSNL |
| 005 |
20260304030638.0 |
| 008 |
141006c2004 xo 0 slo |
| 015 |
|
|
|a SNBRB2004/05-14413
|
| 035 |
|
|
|a CLN000222691
|
| 040 |
|
|
|a SNKBUCL
|b slo
|c SNKBUCL
|e AACR2
|
| 041 |
0 |
|
|a slo
|
| 044 |
|
|
|a xo
|c SK
|
| 080 |
|
|
|a 613.81:616.133.333-005.3
|2 1997
|
| 100 |
1 |
|
|a Gdovinová, Zuzana,
|d 1959-
|4 aut
|9 195957
|
| 245 |
1 |
0 |
|a Rýchlosť krvného prietoku v arteria cerebri media u tzv. ťažkých alkoholikov
|c Z. Gdovinová
|
| 246 |
1 |
1 |
|a Blood flow velocity in the middle cerebral artery in heavy alkohol drinkers
|
| 500 |
|
|
|a Alcohol & Alcoholism, 2001, 36: 346-348
|
| 650 |
0 |
7 |
|a alkoholizmus
|2 MESH
|9 14184
|
| 650 |
0 |
7 |
|a regionálny krvný prietok
|2 MESH
|9 1129057
|
| 650 |
0 |
7 |
|a abstrakty
|2 MESH
|9 90504
|
| 650 |
0 |
7 |
|a reológia
|2 MESH
|9 18165
|
| 650 |
0 |
7 |
|a arteria cerebri media
|2 MESH
|9 1236353
|
| 650 |
0 |
7 |
|a rýchlosť prietoku krvi
|2 MESH
|9 874995
|
| 655 |
|
7 |
|a články z novín a časopisov
|2 snkbucl
|9 267496
|
| 773 |
0 |
|
|t Neurológia pre prax
|g Roč. 5, č. 1 (2004), s. 51-52
|x 1335-9592
|
| 850 |
|
|
|a Slovenská národná knižnica v Martine
|
| 852 |
|
|
|a SNK
|b KIS3GCP
|
| 958 |
|
|
|a MI
|
| 999 |
|
|
|c 2634839
|d 2636769
|